Neural network design (Record no. 414)

MARC details
000 -LEADER
fixed length control field 00442nam a2200169Ia 4500
008 - FIXED-LENGTH DATA ELEMENTS--GENERAL INFORMATION
fixed length control field 130318s9999 xx 000 0 und d
020 ## - INTERNATIONAL STANDARD BOOK NUMBER
International Standard Book Number 9812403760
082 ## - DEWEY DECIMAL CLASSIFICATION NUMBER
Classification number 006.32 HAG/N
100 ## - MAIN ENTRY--PERSONAL NAME
Personal name Hagan, Martin T
245 ## - TITLE STATEMENT
Title Neural network design
260 ## - PUBLICATION, DISTRIBUTION, ETC.
Name of publisher, distributor, etc. Vikas Publishing House
Place of publication, distribution, etc. New Delhi
Date of publication, distribution, etc. 1999
300 ## - PHYSICAL DESCRIPTION
Extent 842
650 ## - SUBJECT ADDED ENTRY--TOPICAL TERM
Topical term or geographic name entry element ARTIFICIAL INTELLIGENCE
650 ## - SUBJECT ADDED ENTRY--TOPICAL TERM
Topical term or geographic name entry element NEURAL NETWORKS
700 ## - ADDED ENTRY--PERSONAL NAME
Personal name Beale, Mark
700 ## - ADDED ENTRY--PERSONAL NAME
Personal name Demuth, Howard B
Holdings
Withdrawn status Lost status Damaged status Not for loan Collection code Home library Current library Shelving location Date acquired Cost, normal purchase price Total Checkouts Total Renewals Full call number Barcode Date last seen Date last checked out Price effective from Koha item type
        Neural Network Kerala University of Digital Sciences, Innovation and Technology Knowledge Centre Kerala University of Digital Sciences, Innovation and Technology Knowledge Centre Computer Science 18/03/2013 382.00 5 2 006.32 HAG/N 417 04/05/2019 08/04/2019 18/03/2013 Books